000 00375 a2200169 4500
001 188816
020 _a85-7666-572-7
040 _cMagnum
100 _aMiranda, Renan Garcia
240 1 0 _aRitmos da história 6
_lpor
245 1 0 _aRitmos da história 6
300 _a280
362 0 _a2006
440 1 _aEscala Educacional
697 _aHISTÓRIA GERAL
942 _cBK
999 _c188816
_d188816